000 00431nam a2200133Ia 4500
008 100328s9999 xx 000 0 und d
082 _b7210
100 _aअळतेकर सदाशिव खंडो
245 _aश्री समर्थ चरित्र
260 _b---
630 _aश्री समर्थ चरित्र
730 _aश्री समर्थ चरित्र
942 _cBOOK
999 _c503052
_d503049